Metodologí­a de la investigación (Record no. 21032)

MARC details
000 -LEADER
campo de control de longitud fija 02302cac a2200277 a 4500
003 - IDENTIFICADOR DE NÚMERO DE CONTROL
campo de control Co-PeBPM
005 - FECHA Y HORA DE LA ÚLTIMA TRANSACCIÓN
campo de control 20260303111132.0
008 - DATOS DE LONGITUD FIJA--INFORMACIÓN GENERAL
campo de control de longitud fija 231129s2003||||ck a||||||||||||| ||spa||
020 ## - NÚMERO INTERNACIONAL ESTÁNDAR DEL LIBRO
Número Internacional Estándar del Libro 9701036328
040 ## - FUENTE DE CATALOGACIÓN
Centro catalogador/agencia de origen Co-PeBPM
Lengua de catalogación spa
Centro/agencia transcriptor Co-PeBPM
Normas de descripción rda
041 ## - CÓDIGO DE IDIOMA
Código de lengua del texto/banda sonora o título independiente spa
082 04 - NÚMERO DE LA CLASIFICACIÓN DECIMAL DEWEY
Número de clasificación 001.42 H557m
Número de edición 22
100 ## - ENTRADA PRINCIPAL--NOMBRE DE PERSONA
Nombre de persona Hernández Sampieri, Roberto
Término indicativo de función/relación autor
245 #0 - MENCIÓN DEL TÍTULO
Título Metodologí­a de la investigación
Mención de responsabilidad, etc. / Roberto Hernández Sampieri, Carlos Fernández Collado, Pilar Baptista Lucio
250 ## - MENCION DE EDICION
Mención de edición Segunda edición
264 ## - PRODUCCIÓN, PUBLICACIÓN, DISTRIBUCIÓN, FABRICACIÓN Y COPYRIGHT
Producción, publicación, distribución, fabricación y copyright México
Nombre del de productor, editor, distribuidor, fabricante : McGraw-Hill
Fecha de producción, publicación, distribución, fabricación o copyright ,2003
300 ## - DESCRIPCIÓN FÍSICA
Extensión 705 páginas
Otras características físicas ;ilustraciones en blanco y negro
Dimensiones ;23 centímetros
500 ## - NOTA GENERAL
Nota general Incluye índice
504 ## - NOTA DE BIBLIOGRAFÍA, ETC.
Nota de bibliografía, etc. Bibliografía
520 3# - RESUMEN, ETC.
Sumario, etc. Se trata de un texto completamente actualizado e innovador, mucho más gráfico, didáctico, personalizado y multidisciplinario. Su contenido se refiere a la investigación científica y a la investigación aplicada al desarrollo profesional; y es producto de las ideas, aportaciones y experiencias que han proporcionado centenas de docentes e investigadores en Iberoamérica y diversos científicos y profesionales del mundo. El resultado es una obra interactiva que vincula el contenido del texto impreso con los contenidos digitales y el material del Centro de Recursos en Línea. Esta segunda edición de Metodología de la investigación: Las rutas cuantitativa, cualitativa y mixta, incluye varios ejemplos de distintas ciencias y disciplinas vinculados al tema de la pandemia por SARS-CoV-2 y la enfermedad COVID-19 que muestran la investigación que se generó para afrontarla en todo el mundo. Orientado a asignaturas sobre investigación, metodología, metodología de la investigación, métodos de análisis y similares dentro de diversas ciencias o disciplinas; asimismo, para que se utilice en campos de la salud, sociales, jurídicos, administrativos, económicos, ingenierías, etcétera. El texto puede emplearse en cursos introductorios, intermedios y avanzados, según el criterio del maestro.
650 17 - PUNTO DE ACCESO ADICIONAL DE MATERIA--TÉRMINO DE MATERIA
Término de materia o nombre geográfico como elemento de entrada Metodología de la investigación
Fuente del encabezamiento o término Lemb
700 ## - ENTRADA AGREGADA--NOMBRE PERSONAL
Nombre de persona Fernández Collado, Carlos
Término indicativo de función/relación coautor
700 ## - ENTRADA AGREGADA--NOMBRE PERSONAL
Nombre de persona Baptista Lucio, Pilar
Término indicativo de función/relación cautora
942 ## - ELEMENTOS DE ENTRADA SECUNDARIOS (KOHA)
Fuente del sistema de clasificación o colocación Clasificación Decimal Dewey
Tipo de ítem Koha Libros
Holdings
Estatus retirado Estado de pérdida Fuente del sistema de clasificación o colocación Estado de daño No para préstamo Biblioteca de origen Biblioteca actual Fecha de adquisición Total de préstamos Signatura topográfica completa Código de barras Visto por última vez Copia número Precio de reemplazo Tipo de ítem Koha Fecha del último préstamo
    Clasificación Decimal Dewey     BIBLIOTECA PÚBLICA MUNICIPAL RAMON CORREA MEJIA BIBLIOTECA PÚBLICA MUNICIPAL RAMON CORREA MEJIA 09/07/2009   001.42 H557m 03917 29/11/2023 Ej.2 29/11/2023 Libros  
    Clasificación Decimal Dewey     BIBLIOTECA PÚBLICA MUNICIPAL RAMON CORREA MEJIA BIBLIOTECA PÚBLICA MUNICIPAL RAMON CORREA MEJIA 29/07/2009 1 001.42 H557m 03916 07/01/2025 Ej.1 29/11/2023 Libros 05/06/2024
    Clasificación Decimal Dewey     BIBLIOTECA PÚBLICA MUNICIPAL RAMON CORREA MEJIA BIBLIOTECA PÚBLICA MUNICIPAL RAMON CORREA MEJIA 30/04/2013   001.42 H557m 18698 29/11/2023 Ej.3 29/11/2023 Libros  

Powered by Koha